[Event "Foment Martinenc op-C 16th"]
[Site "Barcelona"]
[Date "2014.06.07"]
[Round "7"]
[White "Garcia Ramos, Anais"]
[Black "Bienvenido Kleque, Jose"]
[Result "0-1"]
[WhiteElo "1770"]
[BlackElo "1712"]
[PlyCount "102"]
[EventDate "2014.04.26"]
[EventType "swiss"]
[EventRounds "9"]
[EventCountry "ESP"]
[SourceTitle "EXT 2015"]
[Source "ChessBase"]
[SourceDate "2014.11.20"]
[SourceVersion "1"]
[SourceVersionDate "2014.11.20"]
[SourceQuality "1"]

1. e4 c5 2. Nc3 Nc6 3. g3 g6 4. Bg2 Bg7 5. d3 d6 6. Nge2 e5 7. 0-0 Nge7 8. Be3 0-0 9. Qd2 Be6 10. Bh6 a6 11. Nd5 f5 12. Bxg7 Kxg7 13. Nxe7 Qxe7 14. f4 Rf7 15. h3 Raf8 16. Bf3 fxe4 17. dxe4 Bxh3 18. Rf2 Be6 19. Rh2 exf4 20. gxf4 Kg8 21. Kf2 Nd4 22. f5 Nxe2 23. Kxe2 gxf5 24. Rg1+ Rg7 25. Rhg2 Rff7 26. Bh5 Rxg2+ 27. Rxg2+ Rg7 28. Rxg7+ Kxg7 29. Qc3+ Qf6 30. Qg3+ Kh6 31. Bf3 fxe4 32. Bxe4 Bc4+ 33. Ke1 Qf1+ 34. Kd2 Qe2+ 35. Kc3 Qxe4 36. Qxd6+ Be6 37. Qxc5 Kg6 38. b3 h5 39. Qg1+ Bg4 40. Kb2 Qe5+ 41. c3 Qd5 42. c4 Qc6 43. Qb1+ Kf6 44. Qf1+ Qf3 45. Qc1 Ke5 46. a4 Qe2+ 47. Ka3 Qf3 48. c5 Qe4 49. a5 Kd5 50. b4 Qd3+ 51. Ka4 Bd1+ 0-1

[Event "Foment Martinenc op-C 16th"]
[Site "Barcelona"]
[Date "2014.05.24"]
[Round "5"]
[White "Climent Vidal, Pere"]
[Black "Bienvenido Kleque, Jose"]
[Result "1-0"]
[WhiteElo "1787"]
[BlackElo "1712"]
[PlyCount "57"]
[EventDate "2014.04.26"]
[EventType "swiss"]
[EventRounds "9"]
[EventCountry "ESP"]
[SourceTitle "EXT 2015"]
[Source "ChessBase"]
[SourceDate "2014.11.20"]
[SourceVersion "1"]
[SourceVersionDate "2014.11.20"]
[SourceQuality "1"]

1. d4 d5 2. c4 e6 3. Nc3 Nf6 4. e3 c6 5. Nf3 Be7 6. Bd3 Nbd7 7. 0-0 0-0 8. Qc2 h6 9. e4 dxe4 10. Nxe4 Nxe4 11. Bxe4 Nf6 12. Bd3 Qc7 13. Ne5 Qd8 14. Be3 Bd6 15. f4 Qc7 16. Qe2 Bd7 17. c5 Be7 18. Rf3 Nd5 19. Bd2 Bf6 20. Rg3 Be8 21. Rf1 Qe7 22. f5 Kh8 23. Qh5 Bxe5 24. Rg4 Bf6 25. Bxh6 Kg8 26. Rf3 Rd8 27. Rfg3 Ne3 28. Rxg7+ Kh8 29. Bxe3# 1-0

[Event "Foment Martinenc op-C 16th"]
[Site "Barcelona"]
[Date "2014.05.10"]
[Round "3"]
[White "Farell Duran, Josep"]
[Black "Bienvenido Kleque, Jose"]
[Result "1-0"]
[WhiteElo "1777"]
[BlackElo "1712"]
[PlyCount "121"]
[EventDate "2014.04.26"]
[EventType "swiss"]
[EventRounds "9"]
[EventCountry "ESP"]
[SourceTitle "EXT 2015"]
[Source "ChessBase"]
[SourceDate "2014.11.20"]
[SourceVersion "1"]
[SourceVersionDate "2014.11.20"]
[SourceQuality "1"]

1. g3 g6 2. Bg2 Bg7 3. Nf3 Nf6 4. d3 d5 5. c3 0-0 6. 0-0 c6 7. Qc2 Na6 8. Bg5 Nc5 9. Bxf6 Bxf6 10. Nbd2 Bg7 11. Nb3 Nxb3 12. axb3 Re8 13. Rfe1 Bf5 14. Nh4 Be6 15. b4 Qd7 16. Qd2 Bh3 17. e4 Bxg2 18. Kxg2 dxe4 19. Rxe4 a6 20. Rae1 e6 21. Nf3 Rad8 22. d4 h6 23. Kg1 Qd5 24. Ne5 Bxe5 25. Rxe5 Qf3 26. Qxh6 Qf6 27. R1e4 Qg7 28. Rh4 Qxh6 29. Rxh6 Kg7 30. Rh4 Rd5 31. Rhe4 Red8 32. Kg2 R5d6 33. Re1 R6d7 34. h4 Rh8 35. Rh1 Rd5 36. g4 Rxe5 37. dxe5 Rd8 38. Rh3 Rd5 39. Re3 Rd2 40. b3 Rd5 41. f4 b6 42. Kf2 Rd7 43. Ke2 Rd5 44. Rd3 Kf8 45. c4 Rxd3 46. Kxd3 Ke7 47. Kd4 f6 48. exf6+ Kxf6 49. Ke4 b5 50. cxb5 axb5 51. g5+ Kf7 52. Ke5 Ke7 53. Kd4 Kd6 54. Ke4 Kd7 55. Kd4 Kd6 56. Ke4 Kd7 57. h5 gxh5 58. f5 exf5+ 59. Kxf5 h4 60. Kg4 h3 61. Kxh3 1-0

[Event "Foment Martinenc op-C 16th"]
[Site "Barcelona"]
[Date "2014.04.26"]
[Round "1"]
[White "Rodriguez Batuecas, Jordi"]
[Black "Bienvenido Kleque, Jose"]
[Result "1-0"]
[WhiteElo "1821"]
[BlackElo "1712"]
[PlyCount "65"]
[EventDate "2014.04.26"]
[EventType "swiss"]
[EventRounds "9"]
[EventCountry "ESP"]
[SourceTitle "EXT 2015"]
[Source "ChessBase"]
[SourceDate "2014.11.20"]
[SourceVersion "1"]
[SourceVersionDate "2014.11.20"]
[SourceQuality "1"]

1. e4 c5 2. Nc3 Nc6 3. g3 g6 4. Bg2 Bg7 5. Nge2 d6 6. 0-0 Nf6 7. d3 0-0 8. Bg5 Bg4 9. f3 Be6 10. Nf4 Bd7 11. Bxf6 Bxf6 12. Nfd5 Bg7 13. Qd2 e6 14. Ne3 a6 15. Nc4 Qc7 16. Rae1 b5 17. Ne3 b4 18. Ncd1 a5 19. c3 Rab8 20. f4 f5 21. Nc4 Bc8 22. exf5 exf5 23. Nde3 bxc3 24. bxc3 Kh8 25. Nd5 Qd7 26. Ndb6 Qc7 27. Nxc8 Rbxc8 28. Re6 Rf6 29. Rfe1 Rxe6 30. Rxe6 Rd8 31. Qe1 Qd7 32. Nb6 Bxc3 33. Qxc3+ 1-0